[Event "Stockholm op"]
[Site "Stockholm"]
[Date "2017.08.16"]
[Round "4"]
[White "Surikov, Victor"]
[Black "Belokon, Artour"]
[Result "0-1"]
[WhiteElo "1846"]
[BlackElo "1990"]
[PlyCount "156"]
[EventDate "2017.08.15"]
[EventType "swiss"]
[EventRounds "9"]
[EventCountry "SWE"]
[SourceTitle "CBM 180 Extra"]
[Source "ChessBase"]
[SourceDate "2017.10.06"]
[SourceVersion "1"]
[SourceVersionDate "2017.10.06"]
[SourceQuality "1"]

1. b4 Nf6 2. Bb2 d5 3. Nf3 e6 4. a3 c5 5. bxc5 Bxc5 6. e3 Nc6 7. d4 Bd6 8. Bd3 Qb6 9. Bc3 Bd7 10. 0-0 Qc7 11. h3 0-0 12. Bb2 a6 13. Nbd2 b5 14. Qe2 Ne7 15. Ne5 Bc6 16. Nxc6 Qxc6 17. e4 dxe4 18. Nxe4 Ned5 19. Nxd6 Nf4 20. Qf3 Qxd6 21. Rad1 Nxd3 22. Qxd3 Nd5 23. g3 Rac8 24. Rd2 Rc4 25. Re1 Rfc8 26. Rc1 Qc6 27. Qe4 a5 28. h4 h6 29. Kh2 Nb6 30. Qxc6 R4xc6 31. c3 Nd5 32. Rdc2 Rc4 33. Kg2 b4 34. axb4 axb4 35. Rd1 bxc3 36. Ba3 Ra4 37. Bd6 Rca8 38. Bc5 Ra2 39. Rdc1 Kh7 40. Kf3 Kg6 41. Ke4 Rb2 42. Kd3 Raa2 43. Bd6 Rxc2 44. Rxc2 Rxc2 45. Kxc2 h5 46. Kd3 Kf5 47. f3 f6 48. Bb8 g5 49. Bd6 g4 50. f4 Kg6 51. Ba3 f5 52. Bc1 Nf6 53. Kxc3 Ne4+ 54. Kd3 Nxg3 55. Be3 Kf7 56. Kc4 Nf1 57. Bg1 Nd2+ 58. Kd3 Nf3 59. Bf2 Ke7 60. Kc3 Kd6 61. Kc4 Nd2+ 62. Kd3 Ne4 63. Bg1 Kd5 64. Be3 Nd6 65. Bf2 Nc8 66. Bg3 Kc6 67. Kc4 Nd6+ 68. Kd3 Ne4 69. Bh2 Kd5 70. Bg1 g3 71. Be3 Nf2+ 72. Ke2 Ke4 73. Bc1 Nd3 74. Bd2 Nxf4+ 75. Kf1 Ng6 76. Kg2 f4 77. Be1 Nxh4+ 78. Kh3 Nf5 0-1

[Event "Stockholm op"]
[Site "Stockholm"]
[Date "2011.06.02"]
[Round "2"]
[White "Surikov, Victor"]
[Black "Fomina, Tatyana"]
[Result "0-1"]
[WhiteElo "1898"]
[BlackElo "2224"]
[PlyCount "180"]
[EventDate "2011.06.01"]
[EventType "swiss"]
[EventRounds "7"]
[EventCountry "SWE"]
[SourceTitle "CBM 142 Extra"]
[Source "ChessBase"]
[SourceDate "2011.06.27"]
[SourceVersion "1"]
[SourceVersionDate "2011.06.27"]
[SourceQuality "1"]

1. d4 d5 2. c4 Nc6 3. e3 Nf6 4. Nc3 e6 5. a3 a5 6. b3 Be7 7. Nf3 Ne4 8. Nxe4 dxe4 9. Nd2 f5 10. Be2 0-0 11. 0-0 Bf6 12. Bb2 Bd7 13. f3 Bg5 14. f4 Bf6 15. Kh1 g5 16. g3 Be8 17. c5 Ne7 18. Nc4 Nd5 19. Qd2 a4 20. b4 Bb5 21. Ne5 Bxe2 22. Qxe2 Bxe5 23. dxe5 Rf7 24. Bd4 Rg7 25. Rg1 Qe8 26. Rg2 h5 27. Kg1 g4 28. Kf1 h4 29. gxh4 Qe7 30. Qf2 Kf7 31. h3 Rag8 32. hxg4 Rxg4 33. Rxg4 Rxg4 34. Ke2 Qxh4 35. Qxh4 Rxh4 36. Rf1 Ke7 37. Rf2 Kd7 38. b5 Rh1 39. Rf1 Rh8 40. Rf2 Ne7 41. Ke1 Nc8 42. Kd2 Rh1 43. Kc3 Rb1 44. Rb2 Rxb2 45. Kxb2 Ne7 46. Kc2 Ke8 47. Kd2 Kd7 48. Kc2 Nd5 49. Kd2 Kc8 50. Ke2 Kb8 51. Kd2 Ka7 52. c6+ Kb8 53. Bc5 Kc8 54. Kc2 b6 55. Bd4 Kd8 56. Kd2 Ke8 57. Ke2 Kf7 58. Kf2 Kg6 59. Bb2 Kh5 60. Bd4 Kg4 61. Bb2 Ne7 62. Ke2 Kg3 63. Kd2 Kf3 64. Bc3 Nc8 65. Bb4 Na7 66. Be7 Nxb5 67. Bd8 Kg4 68. Kc1 Kh5 69. Kd2 Kg6 70. Be7 Kf7 71. Bb4 Na7 72. Kc3 Nxc6 73. Kc4 Na7 74. Be1 c5 75. Bh4 Ke8 76. Bf6 Kd7 77. Bg5 Kc6 78. Be7 b5+ 79. Kc3 Nc8 80. Bf8 Nb6 81. Bd6 Nd5+ 82. Kd2 b4 83. axb4 cxb4 84. Bf8 Kb5 85. Bd6 Kc4 86. Bf8 a3 87. Kc2 b3+ 88. Kb1 Nc3+ 89. Kc1 b2+ 90. Kd2 b1Q 0-1